000 00583nam a22001577a 4500
003 NUST
082 _a200
100 _aFatima, Tehreem
_9109146
245 _aExploring the Impact of Web 2.0 Tools on 21st Century Skills of EFL Learners in Collaborative Learning Environment/
_cTehreem Fatima,
264 _aIslamabad :
_bSEECS, NUST,
_c2023.
300 _a105 p. ;
_c30 cm.
650 _aMS-Innovative Technologies in Learning
_9125075
700 _aSupervisor: Dr. Tahira Anwar Lashari
_996746
856 _uhttp://10.250.8.41:8080/xmlui/handle/123456789/32318
942 _2ddc
_cSC
999 _c593324
_d593324